000 02136cam a2200517 i 4500
001 7011
003 FISKH
005 20250617131813.0
008 230227t20212021onca j b 000 0 eng
010 _a 2023287049
015 _a20200366718
_2can
016 7 _a020311979
_2Uk
020 _a9781525302367
_q(hardcover)
020 _a030554041525
020 _a1525302361
_q(hardcover)
040 _aNLC
_beng
_cNLC
_dDLC
050 _aPZ7
082 _a 634
100 _aKelley, Alden
_dDr.
245 1 2 _aA tree is a home /
_cWritten by Dr. Alden Kelley ; Illustrated by Kristen Kest
260 _aUnited State :
_bCreative Teaching Press,
_c1997.
300 _a16 pages :
_bcolor illustrations ;
_c16 x 23 cm
336 _atext
_btxt
_2rdacontent
336 _astill image
_bsti
_2rdacontent
337 _aunmediated
_bn
_2rdamedia
338 _avolume
_bnc
_2rdacarrier
504 _aIncludes bibliographical references: page 32.
505 _aG
520 _a"An introduction to seasonal changes in nature, young readers will learn about the six animals that all share the same habitat of an oak tree. Throughout the seasons, readers see how the oak tree -- and its animal inhabitants -- change and adapt as the weather turns colder and then warmer. In a parallel story, told only in the art, readers will discover that the family living on the property share similar seasonal changes."--
_cProvided by publisher.
521 _a300
_bLexile estimate
521 _aG
_bRaz-Plus
650 0 _aOak
_xLife cycles
_vJuvenile literature.
650 0 _aForest ecology
_vJuvenile literature.
650 0 _aForest animals
_xHabitat
_vJuvenile literature.
650 0 _aForest animals
_xLife cycles
_vJuvenile literature.
650 0 _aTrees
_xEcology
_vJuvenile literature.
650 0 _aSeasons
_vJuvenile literature.
650 1 _aOak
_xLife cycles.
650 1 _aForest animals
_xHabitat.
650 1 _aForest animals
_xLife cycles.
650 1 _aTrees
_xEcology.
700 1 _aKest, Kristen
_eillustrator.
906 _a7
_bcbc
_ccopycat
_d2
_encip
_f20
_gy-gencatlg
942 _2ddc
_cBK
_n0
999 _c7011
_d7011